000 01270nam0a22002411i 4500
001 rc\3616754
005 20240723234601.0
021 _aRU
_b[71-6987а]
035 _a(NLR Aleph) 007715348
090 _a6892516
_c6892516
100 _a20130115d1971 |||y0rusy50 ca
101 0 _arus
102 _aRU
105 _ay d |||||
200 1 _aРазработка сверхвысокочастотных методов и аппаратуры для измерения параметров полупроводниковых материалов
_e(Применит. к измерению с помощью с. в. ч. электропроводности, ее температурной зависимости, радиац. фотопроводимости и времени рекомбинации носителей)
_eАвтореф. дис. на соискание учен. степени канд. техн. наук
_e(301)
_fЛенингр. ин-т авиац. приборостроения
210 _aЛенинград
_d1971
215 _a18 с.
320 _aСписок работ авт.: с. 17-18 (9 назв.)
700 1 _aМаилов
_bГ.М.
801 0 _aRU
_bNLR
_gpsbo
801 1 _aRU
_bELAR
_2rusmarc
852 _aNLR
_j71-4/8646
942 _cBOOK